Quizzes
Events
Quiz Creation
Community
Videos
Private Events
Remove Ads
Sign In
Join for FREE
Feedback
Dark Mode
Quiz Categories
Sports
Geography
Music
Movies
Television
Just For Fun
Miscellaneous
History
Literature
Language
Science
Gaming
Entertainment
Religion
Holiday
For Kids
Quiz Lab
Recent
Popular Today
Quiz Kudos Today
Editor Picks
Curator Picks
Quizzes by...
Day
Popularity
Type
Ratings
Length
Year
Community
Subscriptions
Recent Discussions
Orange Saloon
Badges
Playlists
Quests
Create
Leaderboards
Showdown
Live 5
Trivia Bingo
Activity
Puzzle Library
Sporcle Events
Private Events
Virtual Trivia
Globe League
Become a Host
Pub Owners
SporcleCon
Opinionation
Our Games
Videos
Blog
Mobile Apps
Partnerships
Remove Ads and Go Orange
Feedback
Language
Vocabulary
Begins and Ends
Definition
Spanish
French
German
Italian
Chinese
Latin
Translation
Japanese
Language
Vocabulary
Begins and Ends
Definition
Spanish
French
German
Italian
Chinese
Latin
Translation
Japanese
Random Quiz
Search Sporcle
×
Quiz Lab
Quiz Lab
Language
Letter
Type in answers that appear in a list
Type in answers that appear in a list
Classic
Best Score? Go Orange.
Just Say 'Ah' Stats
Can you name the Words That Include the Letters 'Ah'?
By
bakeet14
5m
20 Questions
101 Plays
101 Plays
101 Plays
Comments
Comments
Give Quiz Kudos
Give Quiz Kudos
-
- Ratings
hide this ad
Replay
Link that replays current quiz
Next Quiz
Link to next quiz in quiz playlist
You Got
0%
They Got
Avg Score
44%
Avg Friend Score
Upgrade to see
Score Distribution
Jump to the score distribution portion of the page
Score
0/20
Timer
05:00
0
Plays Today
Hint
Answer
% Correct
Band that sang 'Take on Me'
Aha
81.2%
Popular game played with tiles that originated in China
Mahjong
78.2%
Scrooge's catchphrase
Bah humbug
75.2%
Google wannabe
Yahoo
66.3%
'Land ho!'
Ahoy
65.3%
Nebraska's largest city
Omaha
65.3%
Antagonist of Moby Dick
Ahab
61.4%
Type of tuna commonly found in sushi restaurants
Ahi
59.4%
Queen of American media
Oprah
51.5%
Popular white fish commonly found in the Caribbean
Mahi-mahi
46.5%
Hint
Answer
% Correct
'Excuse me'
Ahem
44.6%
Jewish egg bread
Challah
37.6%
School of thought concerned with the mystical aspect of Judaism
Kabbalah
35.6%
Animated television series about adolescent monsters in training
Aaahh Real Monsters
30.7%
Current Iranian president
Mahmoud Ahmadinejad
25.7%
Former Minnesota Vikings wide receiver; married Mrs. Huxtable
Ahmad Rashad
25.7%
Hindu God of creation
Brahma
17.8%
Largest island in French Polynesia
Tahiti
17.8%
Austrian conductor of the late 19th-
early 20th century
Gustav Mahler
7.9%
Field of Dreams Doctor
Moonlight Graham
5%
Quiz Playlist
Details
Report
Send in Message
Add To Playlist
Classic:
Type in answers that appear in a list
Last Updated: Feb 16, 2017
Quiz Scoreboard
CHALLENGE
Sign Up to Join the Scoreboard
Show All
Scores
Hide
Comments
May contain spoilers
Recently Published
Movies - When Are They Set?
by FPL_Elf
Movies
5m
Popular People in 1961
by mucciniale
History
6m
1-10 Letter E Words III
by El_Dandy
Language
2m
More to Explore
Quiz From the Vault
Featured Blog Post
Where Did the Easter Bunny Come From?
hide this ad
You Might Also Like...
Tags
Letter Quiz
Today's Top Quizzes in Language
Browse Language
hide this ad
Today's Top Quizzes in Letter
Browse Letter
Top Contributed Quizzes in Language
1
Order Up: Top 10 Most Native Spoken Languages
2
1-10 Letter F Words III
3
1-10 Letter G Words III
4
1-10 Letter H Words III
5
1-10 Letter I Words III
6
One Thing in Common: Italy
7
1-10 Letter J Words III
8
Weisst du, aus welchen Sprachen diese Wörter stammen?
9
Hiragana Speed Reading
10
Begins and Ends With AN
Explore More
Trending Topics
Disney
Marvel
Kpop
Harry Potter
Crossword
Anime
NBA
Puzzle
Pokémon
WWE
The Office
Country
NFL
Song
Soccer
hide this ad
More By:
bakeet14
Quiz
Plays
Rating
Category
Featured
Created
2000s Cy Young Voting
9,234
4.53
Sports
May 31, 2010
1990s Cy Young Voting
2,290
4.47
Sports
May 18, 2010
1980s Cy Young Voting
725
4.33
Sports
May 13, 2010
Best Players to Never Win a World Series
589
3.00
Sports
Apr 18, 2010
Top 50 Golf Courses in the U.S. (2009)
263
5.00
Sports
Apr 10, 2010
Go to Creator's Profile
Score Distribution
Quiz Creator Spotlight
bakeet14
Follow
Send a Message
Quizzes Created
-
Created Quiz Play Count
-
More By This Creator
Popular Quizzes Today
1
Find the Countries of Europe - No Outlines Minefield
2
Find the US States - No Outlines Minefield
3
The Countries of the World
4
Popular People in 1961
5
1-10 Letter E Words III
6
US States
7
Find the US States
8
One Thing in Common: World Cities II
More Language Quizzes
Missing 'M' Acronyms
Published
Trending Quizzes
Risky Map Clicking: Least Populous States A-Z
Humor Books: The Subtitles
1-10 Letter F Words
1-10 Letter G Words
One Thing in Common: United Kingdom
Recently Updated
Leaping Animals
pecheneg
Reality TV Shows (A-Z)
bhenderson79
Rickey Henderson's Hall of Fame Teammates
pecheneg
Champions League XIs: Arsenal
pecheneg
Quick Pick: Celebrities in WWE's Hall of Fame
aduchscher
A-Z Keypad Blitz II
pecheneg
Multiple Oscar Actors
pecheneg
Mystery Phrase Blitz: Oscar 'Best Actors'
pecheneg
F. Scott Fitzgerald Novels
LTH
Pick 3 Villains
ddd62291
Trending Topics
NBA
Anime
Kpop
Crossword
Disney
Marvel
Harry Potter
Country
Puzzle
WWE
Pokémon
Song
The Office
Soccer
NFL
Your Account Isn't Verified!
In order to create a playlist on Sporcle, you need to verify the email address you used during registration. Go to your
Sporcle Settings
to finish the process.
Report this User
Report this user for behavior that violates our
Community Guidelines
.
Details:
Send Report
Go to the Sporcle.com Mobile Site →
Comments